Población, equidad y transformación productiva (Registro nro. 32333)

Detalles MARC
000 -LEADER
fixed length control field 00361 a2200109 4500
001 - CONTROL NUMBER
control field ART_39756
005 - DATE AND TIME OF LATEST TRANSACTION
control field 20260410162012.0
008 - FIXED-LENGTH DATA ELEMENTS--GENERAL INFORMATION
fixed length control field 260409a
100 1# - MAIN ENTRY--PERSONAL NAME
Personal name Bajraj, Reynaldo F.
245 10 - TITLE STATEMENT
Title Población, equidad y transformación productiva
773 0# - HOST ITEM ENTRY
Title Revista de la Escuela de Economía y Negocios
Related parts - Año 1, Nº 1 (mar. 1999)
Record control number REV39725

No hay ítems disponibles.